000
00231nam a2200097Ia 4500
001
641154
005
20250826153501.0
008
250824s9999 xx 000 0 und d
245
0
_a
Akıl Oyunları
_c
Daniel Palmer
260
_b
KORİDOR
999
_c
641154
_d
641154